[Event "POL-chT 2nd League-4 2020"]
[Site "Poronin"]
[Date "2020.09.09"]
[Round "5.3"]
[White "Parol, Pola"]
[Black "Jaworski, Miroslaw"]
[Result "1/2-1/2"]
[WhiteElo "2076"]
[BlackElo "2196"]
[Annotator "TA"]
[PlyCount "150"]
[EventDate "2020.09.05"]
[EventType "team-tourn"]
[EventCountry "POL"]
[SourceTitle "playchess.com"]
[Source "ChessBase"]
[SourceQuality "1"]

{[%evp 9,150,30,26,8,29,0,0,5,29,8,25,0,23,0,0,-51,-48,-59,-58,-55,-67,-56,-40,-91,-72,-110,-94,-77,-77,-109,-122,-113,0,0,0,0,5,8,27,0,0,0,83,-32,-25,-156,-95,-160,-157,-166,-145,-182,-178,-191,-179,-181,-186,-182,-143,-138,-43,-56,-55,-138,-140,-138,-139,-175,-192,-303,-154,-434,-434,-474,-283,-503,-506,-628,-398,-480,-483,-627,-615,-599,-580,-1056,-1010,-1020,-304,-325,-323,-385,-268,-268,-268,-255,-257,-263,-263,-275,-118,-396,-56,-68,-48,-57,-39,-39,-29,-30,-29,-45,-8,-8,0,-8,-7,-11,-11,-12,-12,-20,-12,-20,-12,-20,-20,-20,0,-12,-12,-20,-20,-20,-20,-21,0,-12,-12,-12,-11,-11,0]} 1. e4 c5 2. Nf3 d6 3. d4 cxd4 4. Nxd4 Nf6 5. Nc3 a6 6. h4 {B90: Sicilian Najdorf: Unusual White 6th moves, 6 Be3 Ng4 and 6 Be3 e5.} Nbd7 {[%cal Bb8d7,Bd7b6,Bb6c4][%mdl 32]} 7. Be3 b5 {[%cal Bb7b5,Bb5b4][%mdl 32]} 8. f3 Bb7 {[#]} 9. g4 $146 ({Predecessor:} 9. h5 e6 10. g4 Nb6 11. b3 Rc8 12. Qd2 d5 13. Ncxb5 axb5 14. Bxb5+ Nfd7 15. e5 {1-0 (41) Christensen,A (1838)-Genov,V (1750) Hamburg 2018}) 9... Nb6 10. g5 Nfd7 11. h5 e6 12. a4 (12. a3 $11) 12... b4 $1 $15 {[%cal Rb4c3]} 13. Na2 d5 14. a5 Nc4 15. Bxc4 $1 dxc4 16. Nc1 (16. c3 $15) 16... Be7 17. Qd2 Rc8 18. Qg2 Nc5 19. Nce2 b3 20. cxb3 cxb3 (20... Nd3+ $17 21. Kf1 cxb3) 21. O-O $1 $11 O-O 22. Rfd1 Qe8 23. Rac1 Qa4 24. Ra1 Qe8 25. Rac1 g6 (25... Qa4 $11) 26. Ng3 (26. Qg3 $16) 26... e5 $15 27. Nde2 (27. Ngf5 $11) 27... Ne6 (27... Na4 $142 28. Rxc8 Qxc8) 28. Nf1 (28. hxg6 $142 fxg6 29. Rxc8 Qxc8 30. Nf1) 28... Rxc1 $17 (28... gxh5 29. Rxc8 Bxc8 30. Qg3 $17) 29. Rxc1 Qa4 ({Resist} 29... gxh5 30. Nfg3 $17) 30. Nd2 Qxa5 ({But not} 30... gxh5 31. Ng3 $17) 31. Nxb3 Qb5 32. Nd2 Rd8 ({Inferior is} 32... Qxb2 33. hxg6 hxg6 34. Rb1 $11) 33. Nc3 Qd3 34. Nf1 Nd4 ({Better is} 34... Nf4 $17 35. Bxf4 exf4) 35. Rd1 Qc4 36. Nd2 (36. hxg6 $15 hxg6 37. Nh2) 36... Qb4 37. Nf1 a5 {[%cal Ba6a5,Ba5a4][%mdl 32]} 38. Rd2 {[#]} a4 $1 39. Nd1 (39. hxg6 $142 fxg6 40. Qh3) 39... Rc8 (39... Ba6 $19 40. Qh3 gxh5 41. Qxh5 Ne2+ 42. Kh2 Rxd2 43. Nxd2 Bc5) 40. Bxd4 $2 (40. Qh3 $17) 40... exd4 $19 41. Qg3 Qc5 (41... Ba6 $142 42. hxg6 hxg6) 42. Rg2 $2 (42. f4 {was necessary.}) 42... Bd6 43. Qg4 Rd8 44. hxg6 hxg6 45. Qh4 Qc1 46. Qe1 Bf4 47. Qa5 Ra8 48. Qb6 Qc7 $2 (48... a3 {Strongly threatening ...a2.} 49. Qxb7 Rb8) 49. Qxc7 Bxc7 50. Nf2 a3 51. bxa3 Rxa3 52. Ng4 Rxf3 53. Nf6+ Kf8 54. Rd2 Ke7 (54... Ba6 $19 {and Black stays clearly on top.} 55. Nh2 Ra3) 55. Kg2 $2 {[%mdl 8192]} (55. Rxd4 $17 Bb6 56. Kg2 Bxd4 57. Kxf3) 55... Rc3 $2 ({Black should try} 55... Rf5 $1 $19 {[%cal Rf5g5]} 56. Nd5+ Bxd5 57. exd5 Rxd5) 56. Rxd4 $15 Ke6 57. Nd5 $1 {[%cal Rd5c3]} Rc2+ 58. Kf3 Be5 59. Rd1 Ba6 {[#] And now ...Be2+ would win.} 60. Rb1 {Black must now prevent Rb6+.} Bxf1 (60... Be2+ {seems wilder.} 61. Ke3 Bc4 62. Rb6+ Bd6 63. Nd2 Bxd5 64. exd5+ Kxd5 65. Ne4 Be7) 61. Rxf1 {[%mdl 4096] Endgame KRB-KRN. The position is equal.} Bd4 62. Kg3 Rd2 63. Rf3 Be5+ 64. Nf4+ Ke7 65. Kg4 Rd1 66. Rf2 Rg1+ 67. Ng2 Ke6 68. Kf3 Ke7 69. Ra2 Bd4 70. Re2 Rf1+ 71. Kg4 Be5 72. Ra2 Bd4 73. Nf4 Rg1+ 74. Rg2 Re1 75. Re2 Rg1+ {And White is the lucky defender. Accuracy: White = 58%, Black = 70%.} 1/2-1/2

[Event "POL-chT 2nd League-4 2020"]
[Site "Poronin"]
[Date "2020.09.09"]
[Round "5.4"]
[White "Helis, Tadeusz"]
[Black "Kowalec, Maciej"]
[Result "1/2-1/2"]
[WhiteElo "2157"]
[BlackElo "2092"]
[Annotator "TA"]
[PlyCount "86"]
[EventDate "2020.09.05"]
[EventType "team-tourn"]
[EventCountry "POL"]
[SourceTitle "playchess.com"]
[Source "ChessBase"]
[SourceQuality "1"]

{[%evp 20,86,0,-2,17,-17,0,11,12,8,68,62,59,9,45,0,8,-44,-69,-176,-166,-216,-237,-208,-225,-217,-215,-209,-215,-347,-360,-544,-528,-458,-348,-1452,-1454,-1424,-1391,-1393,-1333,-2848,-2062,-5389,-9783,-2112,-5273,-1235,-839,-721,0,0,0,0,0,0,0,0,0,0,0,0,0,-254,-83,-85,-83,-206,-64]} 1. Nf3 c5 2. c4 Nc6 3. g3 g6 4. Bg2 Bg7 5. O-O d6 6. Nc3 e5 7. d3 Nge7 8. Ne1 O-O 9. Nc2 Be6 10. Ne3 Qd7 11. Ned5 Rab8 {A37: Symmetrical English vs ...g6: 4 Bg2 Bg7 5 Nf3.} 12. a4 {[#]} Nb4 $146 ({Predecessor:} 12... Bh3 13. Rb1 Bxg2 14. Kxg2 Nb4 15. Nxe7+ Qxe7 16. Bd2 f5 17. Qb3 b6 18. Nd1 Nc6 19. e3 {½-½ (68) Allo Collante,E (1623)-Britez,G (1794) Asuncion 2019}) 13. Nxb4 cxb4 {The position is equal.} 14. Nd5 Bxd5 (14... a5 $11) 15. cxd5 $14 a5 16. Qb3 f5 17. e3 g5 18. f4 (18. Qd1 $11) 18... exf4 19. gxf4 (19. exf4 $15 gxf4 20. Bxf4) 19... gxf4 $19 20. exf4 Bd4+ 21. Kh1 Ng6 22. Bd2 Qg7 23. Rab1 Rbe8 {Hoping for ...Re2.} (23... Nh4 24. Bh3 $17) 24. Bf3 (24. Be1 $142) 24... Kh8 25. Be1 (25. Rbe1 $142 Rxe1 26. Bxe1) 25... Nxf4 26. Bg3 Nh3 27. Bxd6 $2 (27. Qc2 f4 28. Qg2) 27... Rg8 {( -> ...Qg1+!)} 28. Qc2 {[#]} b3 $1 {[%mdl 512]} 29. Qd2 (29. Qxb3 Qg1+) 29... Rc8 30. Bg3 Rc2 31. Qe1 f4 32. Bh4 {[#]} Rg2 $1 {[%mdl 512]} 33. d6 {[#]} (33. Bxg2 Qxg2#) 33... Bg1 $1 {[%csl Gg1][%cal Rg2h2][%mdl 512]} 34. Bg3 Rxb2 $2 ({Weaker is} 34... fxg3 35. Bxg2 (35. Kxg2 $2 Nf4+ 36. Kxg1 g2 $19) 35... Nf2+ 36. Rxf2 $11 (36. Kxg1 $2 gxh2+ 37. Kxf2 Qxg2+ 38. Ke3 Re8+ {[%mdl 64] Skewer} 39. Kf4 Rxe1 $19)) (34... Rc2 $1 $19 35. Rxg1 Nxg1 36. Qxg1 Qf6) 35. Rxb2 $11 Qxb2 {[#]} 36. Bxf4 $1 {[%mdl 512]} Nxf4 $40 {[%csl Gg1][%cal Rb2h2][%mdl 128] White needs to defend precisely.} 37. Rxg1 Rxg1+ 38. Qxg1 Qf6 {White must now prevent ...Nh3!} ({Wrong is} 38... Nxd3 $2 39. d7 $18) 39. d7 b2 {...Ne2! is the strong threat.} 40. Qb1 {And now Qxb2! would win.} Ne6 41. Be4 $2 {[%mdl 8192] [#]} (41. Bd5 $11 {and White has nothing to worry.} Kg7 42. Bxe6 Qf3+ 43. Kg1 Qe3+ {[%mdl 64] Double Attack} 44. Kf1 (44. Kg2 Qg5+ 45. Kh3 Qh5+ 46. Kg3 Qe5+ 47. Kf3 Qf6+ 48. Kg3 Qe5+ 49. Kf2 Qf6+ 50. Kg3 Qe5+ $11) 44... Qc1+ 45. Kf2 Qxb1 46. d8=Q Qc2+ 47. Kg3) 41... Qc3 $2 (41... Qd4 $1 $19 {has better winning chances.} 42. Bf5 Nd8) 42. d4 $17 Qxd4 43. Bxb7 {[#]} (43. Bf5 $17 Nd8 44. Kg2) 43... Qd2 {Black had all chances to win. Accuracy: White = 38%, Black = 70%.} ({Black should play} 43... Kg8 $1 $19 44. h3 Qc3) 1/2-1/2

[Event "POL-chT 2nd League-4 2020"]
[Site "Poronin"]
[Date "2020.09.09"]
[Round "5.5"]
[White "Suliborski, Jakub"]
[Black "Sochacki, Zenon"]
[Result "1-0"]
[WhiteElo "2114"]
[BlackElo "1885"]
[Annotator "TA"]
[PlyCount "77"]
[EventDate "2020.09.05"]
[EventType "team-tourn"]
[EventCountry "POL"]
[SourceTitle "playchess.com"]
[Source "ChessBase"]
[SourceQuality "1"]

{[%evp 17,77,72,64,56,51,59,52,15,20,6,23,0,25,8,47,46,270,250,307,307,308,308,340,335,339,320,345,337,360,292,292,288,322,317,405,316,361,316,316,316,316,317,384,374,529,520,623,582,613,603,737,737,976,975,978,968,961,945,911,918,868,841]} 1. d4 Nf6 2. c4 e5 3. dxe5 Ng4 4. Bf4 g5 5. Bg3 Bg7 6. Nf3 Nc6 7. Nc3 Ngxe5 8. Nxe5 Nxe5 9. e3 d6 10. h4 {A52: Budapest Gambit.} g4 11. h5 h6 {[#]} 12. a3 $146 {White is slightly better.} ({Predecessor:} 12. Bh4 Qd7 13. Rc1 O-O 14. Be2 f5 15. Nd5 b6 16. f4 Nc6 17. b4 Qf7 18. b5 {1-0 (49) Kourkoulos Arditis,S (2473)-Zwardon,V (2479) Paleochora 2020}) 12... Be6 13. Nd5 Qd7 (13... O-O {looks sharper.} 14. Be2 Re8 15. b3 f5 16. Rb1 Qd7) 14. Bh4 (14. Rc1 {keeps more tension.} f5 15. Nf4 Qf7 16. Qc2 O-O 17. Be2) 14... Bxd5 15. cxd5 f6 16. f4 Nf7 $2 {This move loses the game for Black.} (16... gxf3 $1 $14 17. gxf3 f5) 17. Bd3 O-O-O 18. Qc2 {[#] aiming for Bf5.} Kb8 19. O-O-O Rde8 20. Bf5 Qb5 21. Rhe1 ({Not} 21. Bxg4 Rxe3 22. Rhe1 Rxe1 $18) 21... Re7 22. e4 ({Don't take} 22. Bxg4 c6 $18) 22... c5 23. Bxg4 Rc7 24. Bf5 Qa6 25. Re3 b5 26. Kb1 Nd8 27. Rg3 Rf8 28. Rc3 Nb7 29. b4 Rff7 30. Rc1 c4 (30... Qb6 $142 31. Qb2 Rfe7) 31. Bf2 $18 {White is clearly winning.} Nd8 32. Bd4 Rf8 33. Kb2 Qb7 34. a4 a6 35. axb5 Qxb5 36. Rxc4 Rxc4 37. Qxc4 Qxc4 38. Rxc4 Kb7 39. Bc8+ {Accuracy: White = 89%, Black = 41%.} 1-0

[Event "POL-chT 2nd League-4 2020"]
[Site "Poronin"]
[Date "2020.09.09"]
[Round "5.6"]
[White "Suchanek, Paulina"]
[Black "Rykala, Monika"]
[Result "1/2-1/2"]
[WhiteElo "1555"]
[BlackElo "1877"]
[Annotator "NA RC"]
[PlyCount "73"]
[EventDate "2020.09.05"]
[EventType "team-tourn"]
[EventCountry "POL"]
[SourceTitle "playchess.com"]
[Source "ChessBase"]
[SourceQuality "1"]
[TimeControl "40/5400+30:900+30"]

1. d4 {[%emt 0:00:00]} d5 {[%emt 0:00:00]} 2. c4 {[%emt 0:00:00]} e6 {[%emt 0:00:00]} 3. Nc3 {[%emt 0:00:00]} Nf6 {[%emt 0:00:00]} 4. Nf3 {[%emt 0:00:52]} c6 {[%emt 0:00:00]} 5. Bg5 {[%emt 0:00:08]} dxc4 {[%emt 0:00:04]} 6. e3 {[%emt 0:02:23]} b5 {[%emt 0:00:15]} 7. Be2 {[%emt 0:01:26]} Bb7 {[%emt 0:00:47]} 8. O-O {[%emt 0:04:04]} Nbd7 {[%emt 0:05:28]} 9. Qc2 {[%emt 0:02:47]} h6 {[%emt 0:03:47]} 10. Bh4 {[%emt 0:00:30]} Qb6 {[%emt 0:05:26]} 11. b3 {[%emt 0:02:44]} cxb3 {[%emt 0:01:12]} 12. Qxb3 {[%emt 0:02:07]} a6 {[%emt 0:09:25]} 13. Rac1 {[%emt 0:05:09]} Rc8 {[%emt 0:07:57]} 14. Bxf6 {[%emt 0:06:55]} Nxf6 {[%emt 0:26:45]} 15. Ne5 {[%emt 0:06:24]} Bd6 {[%emt 0:05:32]} 16. Na4 {[%emt 0:04:53]} Qc7 {[%emt 0:00:55]} 17. Nc5 {[%emt 0:02:34]} Bxc5 {[%emt 0:01:44]} 18. Rxc5 {[%emt 0:00:09]} Ne4 {[%emt 0:00:38]} 19. Rc2 {[%emt 0:00:29]} c5 {[%emt 0:01:03]} 20. Rb1 {[%emt 0:05:06]} Bd5 {[%emt 0:05:22]} 21. Qa3 {[%emt 0:03:07]} Qd6 {[%emt 0:04:14]} 22. f3 {[%emt 0:03:21]} c4 {[%emt 0:01:42]} 23. Qa5 {[%emt 0:04:39]} Nf6 {[%emt 0:12:21]} 24. a4 {[%emt 0:02:29]} O-O {[%emt 0:03:54]} 25. axb5 {[%emt 0:01:59]} axb5 {[%emt 0:00:01]} 26. Rxb5 {[%emt 0:00:13]} Ra8 {[%emt 0:00:49]} 27. Qb4 {[%emt 0:02:15]} Qxb4 {[%emt 0:00:40]} 28. Rxb4 {[%emt 0:00:02]} Ra3 {[%emt 0:00:26]} 29. e4 {[%emt 0:03:06]} Ba8 {[%emt 0:02:26]} 30. Rbxc4 {[%emt 0:01:57]} Ra7 {[%emt 0:00:58]} 31. Kf2 {[%emt 0:03:15]} Nd7 {[%emt 0:00:47]} 32. Nxd7 {[%emt 0:02:06]} Rxd7 {[%emt 0:00:01]} 33. Ke3 {[%emt 0:00:17]} Rfd8 {[%emt 0:00:30]} 34. Rd2 {[%emt 0:03:18]} Kf8 {[%emt 0:00:10]} 35. Bd1 {[%emt 0:00:16]} Ra7 {[%emt 0:00:35]} 36. Ra4 {[%emt 0:02:15]} Rc7 {[%emt 0:00:37]} 37. Be2 1/2-1/2

[Event "POL-chT 2nd League-4 2020"]
[Site "Poronin"]
[Date "2020.09.09"]
[Round "5.7"]
[White "Kaminski, Piotr"]
[Black "Niekras, Dawid"]
[Result "0-1"]
[WhiteElo "2099"]
[BlackElo "2329"]
[Annotator "TA"]
[PlyCount "132"]
[EventDate "2020.09.05"]
[EventType "team-tourn"]
[EventCountry "POL"]
[SourceTitle "playchess.com"]
[Source "ChessBase"]
[SourceQuality "1"]

{[%evp 21,132,-10,-4,-31,-37,-34,-16,-14,-27,-45,-32,-22,-45,-54,0,0,0,-64,-65,-64,-43,-98,-71,-72,-72,-71,-68,-74,-74,-75,-73,-66,-67,-112,-124,-112,-118,-127,-45,-97,-99,-87,-93,-106,-102,-108,-107,-137,-135,-140,-124,-117,-120,-237,-237,-261,-189,-445,-445,-445,-445,-445,-438,-438,-404,-438,-438,-438,-424,-542,-522,-659,-644,-910,-899,-821,-638,-763,-700,-668,-512,-480,-346,-490,-469,-817,-812,-740,-833,-574,-555,-986,-927,-840,-777,-1086,-1064,-2654,-2468,-1693,-2112,-1298,-1254,-1522,-2455,-12839,-12839,-12841,-12841,-12843,-12841,-12842,-12842]} 1. d4 Nf6 2. c4 g6 3. Nc3 Bg7 4. e4 d6 5. f3 O-O 6. Be3 c5 7. dxc5 dxc5 8. Qxd8 Rxd8 9. Bxc5 Nc6 10. Nd5 Nd7 11. Ba3 e6 12. Ne3 {E81: King's Indian: Sämisch: 6th move deviations (including 6 Be3 c6).} (12. Nc7 $5 {[%cal Rc7a8]} Rb8 13. O-O-O $11) 12... b6 {[%mdl 1024] Black has compensation.} 13. Rd1 Bb7 14. Ne2 {The position is equal.} Nc5 {[#]} 15. Nf4 $146 ({Predecessor:} 15. Nc3 Bd4 16. Nc2 Bxc3+ 17. bxc3 Na4 18. Bd6 Nxc3 19. Rd3 Nxa2 20. Kd2 Na5 21. Na3 {½-½ (50) Maehrlein,C-Pfrommer,C (2322) Germany 2001}) 15... a5 16. Bxc5 bxc5 17. Nd3 Bf8 (17... Rab8 $15) 18. Be2 $11 a4 19. Nc2 (19. Kf2 $11) 19... Ba6 $15 20. Na3 Na5 21. Nc1 (21. Rc1 $15) 21... Bg7 22. b3 Bb2 23. Nb5 Bxc1 24. Rxc1 axb3 25. axb3 Nxb3 26. Rb1 Nd4 27. Kf2 Bxb5 $1 28. cxb5 Ra2 29. Rhe1 {[#]} Rb8 (29... c4 $1 $17 {Strongly threatening ...c3.} 30. Ra1 Rda8) 30. b6 (30. Kf1 $1 $15) 30... Kf8 $17 31. Kf1 Ke7 32. Bd3 Ra3 $36 {[%mdl 2048] Keeping White busy.} 33. Red1 Kd6 34. b7 Kc7 35. Rbc1 Ra5 (35... Rxb7 $6 36. Rxc5+ Kd6 37. Rc8 $11) 36. e5 Nc6 37. Rb1 (37. Be4 $17) 37... Nxe5 $19 ({Don't play} 37... Rxb7 38. Rxb7+ Kxb7 39. f4 $17) 38. Be4 Nc4 {Hoping for ...Ne3+.} 39. f4 $2 (39. Kf2) 39... Ne3+ 40. Ke2 Nxd1 41. Rxd1 {[%mdl 4096] Endgame KRR-KRB} Ra2+ 42. Ke3 Ra3+ 43. Kf2 f5 44. Bf3 {[#]} Rxf3+ $1 45. Kxf3 Rxb7 {KR-KR} 46. Rd2 Kc6 47. Rd8 Rd7 48. Rc8+ Kd5 49. Ke3 Kc4 50. Rc6 Re7 51. Kd2 Kd4 52. Rd6+ (52. Ra6 $142) 52... Ke4 {Black is clearly winning.} 53. g3 (53. Ke2 $142 Kxf4 54. Rc6) 53... e5 54. fxe5 Rxe5 55. Kc3 Re7 56. Kc4 Rc7 57. Rd1 Kf3 58. Rd3+ Kg4 59. Rd8 Kh3 60. Rd2 g5 61. Rf2 Kg4 62. Rc2 f4 63. gxf4 gxf4 64. Kd5 f3 65. Kd6 Rc8 66. Kd7 Rf8 {Accuracy: White = 46%, Black = 84%.} 0-1

[Event "POL-chT 2nd League-4 2020"]
[Site "Poronin"]
[Date "2020.09.09"]
[Round "5.8"]
[White "Zakrzewski, Marek"]
[Black "Szmyd, Arkadiusz"]
[Result "1-0"]
[WhiteElo "2267"]
[BlackElo "2104"]
[Annotator "TA"]
[PlyCount "129"]
[EventDate "2020.09.05"]
[EventType "team-tourn"]
[EventCountry "POL"]
[SourceTitle "playchess.com"]
[Source "ChessBase"]
[SourceQuality "1"]

{[%evp 11,128,0,12,7,6,6,16,17,16,13,11,8,18,0,0,0,0,6,16,0,0,0,2,0,0,0,0,0,10,5,39,28,52,13,22,25,25,31,55,31,64,19,30,16,12,15,16,21,26,16,15,16,29,0,23,8,8,0,8,13,31,0,0,0,0,0,0,0,0,0,0,0,0,0,8,0,0,0,0,0,8,8,22,8,8,0,577,495,4133,4133,29959,8,29960,29964,29971,29973,29973,29975,29974,29976,29976,29978,29978,29978,29978,29979,29980,29981,29993,29994,29994,29994,29997,29997,29997,29998,29998,29999,29999]} 1. e4 c6 2. Nc3 d5 3. Nf3 Bg4 4. h3 Bxf3 5. Qxf3 e6 6. d4 Nf6 7. exd5 {B11: Caro-Kann: Two Knights Variation.} cxd5 8. Bd3 {8.Bd3 is better than 8.Bb5+.} Nc6 9. Ne2 {The position is equal.} Bd6 10. O-O O-O 11. Bg5 {[#]} Nb4 $146 ({Predecessor:} 11... h6 12. Bh4 Nb4 13. Nc1 g5 14. Bg3 Bxg3 15. Qxg3 Qb8 16. Qe3 Qf4 17. Qxf4 gxf4 {1-0 (46) Frolyanov,D (2537)-Ovetchkin,R (2529) Samara 2017}) 12. Rae1 Rc8 13. c3 Nxd3 14. Qxd3 Rc6 15. f4 h6 16. Bxf6 Qxf6 17. f5 e5 18. dxe5 Bxe5 19. Nf4 Bxf4 20. Rxf4 Ra6 (20... Rc4 $5 {[%cal Rc4f4]} 21. Rf2 (21. Rxc4 dxc4 22. Qxc4 Qxf5 $11) 21... Rd8 $11) 21. Qxd5 Rd8 22. Qb3 (22. Qb5 {is more complex.} Rb6 23. Qe2 Qg5 24. Rf2 Rbd6 25. Qg4) 22... Rb6 23. Qc2 Rbd6 24. Rf2 Qg5 25. Qe4 b6 26. Qf4 (26. h4 $5 {[%cal Rh4g5]} Qf6 27. Qf4 $14) 26... Rd1 27. Rxd1 Rxd1+ 28. Kh2 Qxf4+ 29. Rxf4 $11 {[%mdl 4096] Endgame KR-KR} Rd2 30. Ra4 Rxb2 31. Rxa7 Rc2 32. Ra8+ Kh7 33. Ra3 h5 34. h4 f6 35. Kg3 b5 36. Kf3 Rd2 37. Rb3 Rd5 $1 38. Ke4 Re5+ 39. Kf4 Rc5 40. g3 Rc4+ 41. Ke3 Rc5 42. Ke4 Re5+ 43. Kd4 Rxf5 44. c4 bxc4 45. Kxc4 Rf2 46. a4 g5 47. Kb5 {Threatens to win with a5.} Rf5+ 48. Kb6 {aiming for Ra3.} gxh4 $2 {[%mdl 8192]} (48... g4 $1 $11 {and Black is okay.}) 49. gxh4 $18 Rf4 (49... Re5 $142 50. a5 Re4) 50. a5 Rxh4 51. Ra3 $2 (51. a6 {mates} Ra4 52. Kb5 Ra1 53. Rb4 Kg6 54. Ra4 Rb1+ 55. Kc6 Rc1+ 56. Kb7 Rb1+ 57. Kc6 Rc1+ 58. Kd7 Rd1+ 59. Kc6 Rc1+) 51... Re4 $2 {[%mdl 8192] Loses the game.} (51... Rc4 $11) 52. a6 {White mates.} Re8 53. a7 Kg6 54. a8=Q Rxa8 55. Rxa8 {KR-KPP} Kf5 56. Kc5 h4 57. Kd4 Kf4 58. Rh8 Kg3 59. Ke3 f5 60. Rg8+ Kh2 61. Kf2 h3 {[#]} 62. Rh8 $1 f4 {[#]} 63. Rh7 $1 f3 {[#]} 64. Rh4 $1 Kh1 65. Rxh3# {Accuracy: White = 90%, Black = 80%.} 1-0

[Event "POL-chT 2nd League-4 2020"]
[Site "Poronin"]
[Date "2020.09.09"]
[Round "5.9"]
[White "Zawierucha, Aleksander"]
[Black "Bajerlein, Dawid"]
[Result "1/2-1/2"]
[WhiteElo "1899"]
[BlackElo "2037"]
[Annotator "TA"]
[PlyCount "60"]
[EventDate "2020.09.05"]
[EventType "team-tourn"]
[EventCountry "POL"]
[SourceTitle "playchess.com"]
[Source "ChessBase"]
[SourceQuality "1"]

{[%evp 19,60,61,57,54,60,52,71,66,90,62,98,83,85,77,104,112,116,120,114,44,57,58,56,31,55,0,0,-22,-10,-30,-33,-33,0,9,99,104,247,41,32,28,32,49,68]} 1. d4 Nf6 2. c4 d6 3. Nf3 Nbd7 4. Nc3 c6 5. e4 e5 6. Be2 Be7 7. O-O O-O 8. Qc2 Re8 9. h3 Qc7 10. Be3 Nf8 11. Rfd1 {A55: Old Indian Defence with Nf3 and e4.} Ng6 12. b4 a6 {[#]} 13. a4 $146 {[%cal Ba2a4,Ba4a5][%mdl 32] White is better.} ({Predecessor:} 13. Rac1 exd4 14. Bxd4 Nh5 15. Na4 Bf8 16. Nb6 Rb8 17. Nxc8 Rbxc8 18. Be3 Nhf4 19. Bf1 {1-0 (41) Wirth,G (2230)-Schmider,B Germany 1993}) 13... Be6 14. Qb3 Rad8 15. a5 exd4 16. Nxd4 Bc8 17. Nf5 c5 18. Nxe7+ Qxe7 19. Bg5 (19. Bd3 $16) 19... Qe5 $14 20. Bxf6 $1 Qxf6 21. bxc5 (21. Nd5 $5 {[%cal Rd5f6]} Qe5 22. bxc5 $14) 21... dxc5 22. Rxd8 (22. Nd5 $14 Qg5 23. Ra3) 22... Rxd8 $11 23. Rd1 Rxd1+ 24. Nxd1 Nf4 25. Bf1 h6 26. Ne3 Qd4 {[#]} (26... Qd8 $11 {remains equal.}) 27. Qb6 $1 $36 {[%cal Rb6c7][%mdl 2048] Strongly threatening Qc7. White is in control.} Ne6 {[#]} (27... Nd3 $16 {was called for.}) 28. Nd5 $2 (28. Nf5 $1 $18 {[%cal Rf5d4]} Qd7 29. Nd6) 28... Kh7 $14 29. Ne7 Qd7 30. Nd5 Qa4 {Accuracy: White = 66%, Black = 59%.} 1/2-1/2

[Event "POL-chT 2nd League-4 2020"]
[Site "Poronin"]
[Date "2020.09.09"]
[Round "5.10"]
[White "Hemmerling, Jaroslaw"]
[Black "Ociepka, Tomasz"]
[Result "1-0"]
[WhiteElo "1938"]
[BlackElo "1888"]
[Annotator "RC"]
[PlyCount "71"]
[EventDate "2020.09.05"]
[EventType "team-tourn"]
[EventCountry "POL"]
[SourceTitle "playchess.com"]
[Source "ChessBase"]
[SourceQuality "1"]
[TimeControl "40/5400+30:900+30"]

1. Nf3 {[%emt 0:00:00]} Nf6 {[%emt 0:00:00]} 2. g3 {[%emt 0:00:00]} g6 {[%emt 0:00:00]} 3. Bg2 {[%emt 0:00:00]} Bg7 {[%emt 0:00:00]} 4. O-O {[%emt 0:00:00]} O-O {[%emt 0:00:01]} 5. d4 {[%emt 0:00:07]} c6 {[%emt 0:00:46]} 6. c4 {[%emt 0:00:04]} d5 {[%emt 0:00:04]} 7. cxd5 {[%emt 0:00:04]} cxd5 {[%emt 0:00:12]} 8. Nc3 {[%emt 0:00:16]} Qb6 {[%emt 0:04:04]} 9. b3 {[%emt 0:11:48]} Nc6 {[%emt 0:04:09]} 10. Bg5 {[%emt 0:10:44]} Ne4 {[%emt 0:13:30]} 11. Na4 {[%emt 0:13:52]} Qd8 {[%emt 0:07:46]} 12. Be3 {[%emt 0:05:11]} b5 {[%emt 0:06:36]} 13. Rc1 {[%emt 0:00:30]} bxa4 {[%emt 0:05:38]} 14. Rxc6 {[%emt 0:00:16]} Bd7 {[%emt 0:00:46]} 15. Rc1 {[%emt 0:01:39]} Qa5 {[%emt 0:03:23]} 16. Ne5 {[%emt 0:07:00]} Bb5 {[%emt 0:06:20]} 17. Nc6 {[%emt 0:12:58]} Qc7 {[%emt 0:10:30]} 18. Nb4 {[%emt 0:00:05]} Qd7 {[%emt 0:11:07]} 19. Nxd5 {[%emt 0:00:18]} Qxd5 {[%emt 0:00:14]} 20. Rc5 {[%emt 0:00:06]} Qd7 {[%emt 0:00:27]} 21. Bxe4 {[%emt 0:00:33]} Rac8 {[%emt 0:00:59]} 22. b4 {[%emt 0:03:45]} e6 {[%emt 0:02:04]} 23. Qc2 {[%emt 0:02:17]} Bf6 {[%emt 0:01:12]} 24. Rc1 {[%emt 0:00:17]} Rxc5 {[%emt 0:00:52]} 25. dxc5 {[%emt 0:00:51]} Bc6 {[%emt 0:00:37]} 26. Bxc6 {[%emt 0:02:18]} Qxc6 {[%emt 0:00:02]} 27. Qc4 {[%emt 0:00:26]} a6 {[%emt 0:00:30]} 28. Qf4 {[%emt 0:02:49]} e5 {[%emt 0:01:46]} 29. Qc4 {[%emt 0:09:46]} Rd8 {[%emt 0:01:25]} 30. f3 {[%emt 0:00:39]} Kf8 {[%emt 0:01:57]} 31. Kf2 {[%emt 0:00:16]} Ke8 {[%emt 0:00:21]} 32. Rb1 {[%emt 0:03:08]} Rd7 {[%emt 0:01:49]} 33. b5 {[%emt 0:00:25]} axb5 {[%emt 0:00:02]} 34. Rxb5 {[%emt 0:00:11]} Ra7 {[%emt 0:03:29]} 35. Rb6 {[%emt 0:00:56]} Qc7 {[%emt 0:00:35]} 36. Rxf6 {[%emt 0:00:18]} 1-0